| 000 | 00597nam a2200181Ia 4500 | ||
|---|---|---|---|
| 008 | 090630s9999 xx 000 0 und d | ||
| 082 | _b25783 | ||
| 100 | _aभोवड जगदीश. | ||
| 245 |
_aप्रेमानुबंध. _cभोवड जगदीश. |
||
| 260 |
_bपारस - कोल्हापूर. _c2006 |
||
| 300 | _a136 | ||
| 600 | _aभोवड जगदीश. | ||
| 630 | _aप्रेमानुबंध. | ||
| 655 | _aलघुकथा. | ||
| 700 | _aभोवड जगदीश. | ||
| 730 | _aप्रेमानुबंध. | ||
| 942 | _cBOOK | ||
| 999 |
_c277639 _d277639 |
||